Tierra de Fuego /

El escritor chileno Francisco Coloane (1910-2002) es considerado un excelente narrador que, con un estilo sencillo, es capaz de reflejar la depredación de la naturaleza que el hombre está consumando. Algunos de sus títulos son: Cabo de Hornos (1941), El último grumete de la Baquedano (1941), Golfo d...

Celý popis

Uloženo v:
Podrobná bibliografie
Hlavní autor: Coloane, Francisco A. (autor)
Médium: Kniha
Jazyk:španělština
Vydáno: Santiago, Chile : Andrés Bello, 2003, c2003
Témata:
Tagy: Přidat tag
Žádné tagy, Buďte první, kdo vytvoří štítek k tomuto záznamu!

MARC

LEADER 00000nam^a2200000^a^4500
001 000185891
005 20250521000000.0
009 20260310102205.797
020 |a 956-13-1800-8 
037 |a Acervo ITESO - Biblioteca 
041 |a ESP 
082 |a 863.  |b COL 
100 |a Coloane, Francisco A.  |e (autor) 
245 1 0 |a Tierra de Fuego /  |c F.A. Coloane ; pról. de Oldrich Belic. 
264 4 |a Santiago, Chile :  |b Andrés Bello,  |c 2003, c2003 
300 |a 193 p. 
336 |a texto  |b txt  |2 rdacontenido 
337 |a sin mediación  |b n  |2 rdamedio 
338 |a volumen  |b nc  |2 rdasoporte 
520 |a El escritor chileno Francisco Coloane (1910-2002) es considerado un excelente narrador que, con un estilo sencillo, es capaz de reflejar la depredación de la naturaleza que el hombre está consumando. Algunos de sus títulos son: Cabo de Hornos (1941), El último grumete de la Baquedano (1941), Golfo de Penas (1945), Los conquistadores de la Antártica (1946), Tierra de Fuego (1956), Viaje al Este (1959), El témpano de Kanasaka (1968) y Crónica de India (1983), entre otros. Obtuvo el Premio Nacional de Literatura en 1964 y fue nombrado miembro de las Academia Chilena de la Lengua en 1980. 
649 |a XX 
650 |a Novela Chilena 
650 |a Literatura Chilena -  |y Siglo XX 
910 |a Fondo General 
920 |a Impresos - Libros 
930 |a Colección General 
940 |a Literatura 
905 |a 101 
901 |a 0500127433  |b IT1  |c LIT  |u 20250521 
902 |a https://opac.biblio.iteso.mx/vufind/Record/000185891